| 000 | 01170cam a2200205 4500 | ||
|---|---|---|---|
| 001 | WB3936-24 | ||
| 008 | 030924n2003 000 0 eng u | ||
| 035 | _a(Sirsi) u123707 | ||
| 245 | _aRural estate benchmarking survey 2003 | ||
| 260 | _c2003 | ||
| 490 |
_aFPD Savills Research _vSeptember 2003, 1-4(4) |
||
| 520 | _aFPD Savills' "Rural estate benchmarking survey" for 2003 has found that the diverse nature of rural estates has contributed to a steady rise in total gross income since 1998 with 2003 gross income up by 5.2% to £118.25 per acre. Average net income is being squeezed by rising costs, which increased by 5.6% in 2003 to 51.70 per acre. In 2003 income from all agricultural sources fell by 1.1%, gross residential income softened to 5.9% and gross commercial and leisure income increased by 27.4%. Office rents have reached £8.41 per sq ft in 2003.http://www.fpdsavills.co.uk/research.asp?content=%5Cuber%5Fresearch%5C3707%2Ehtm&subcategory=none&contenttype=research&category | ||
| 590 | _aWB | ||
| 650 | _aRURAL ESTATE | ||
| 650 | _aBENCHMARKING | ||
| 650 | _aOFFICE RENTS | ||
| 650 | _aFPD SAVILLS | ||
| 690 | _aRURAL-MARKET | ||
| 942 | _n0 | ||
| 999 |
_c73448 _d73448 |
||